Normal view
MARC view
- DIAZZO , J.J , HOUPIS, C. H ,DAZZE, JOHN J
Entry Personal Name
001 - CONTROL NUMBER
- control field: 57325
003 - CONTROL NUMBER IDENTIFIER
- control field: NUST
005 - DATE AND TIME OF LATEST TRANSACTION
- control field: 20210628201910.0
008 - FIXED-LENGTH DATA ELEMENTS
- fixed length control field: 210628|| aca||aabn | a|a d
040 ## - CATALOGING SOURCE
- Original cataloging agency: NUST
- Transcribing agency: NUST
100 ## - HEADING--PERSONAL NAME
- Personal name: DIAZZO , J.J , HOUPIS, C. H ,DAZZE, JOHN J
670 ## - SOURCE DATA FOUND
- Source citation: Work cat.: (NUST): DIAZZO , J.J , HOUPIS, C. H ,DAZZE, JOHN J, LINEAR CONTROL SYSTEM ANALYSIS AND DESIGN , CONVENTIONAL AND MODERN, 1975
